[Event "GER Seniors Derby 09th"]
[Site "Wesel Undeloh"]
[Date "2010.04.11"]
[Round "7.13"]
[White "Soldic, Ivan"]
[Black "Barth, Hans Joachim"]
[Result "1/2-1/2"]
[WhiteElo "1640"]
[BlackElo "1739"]
[PlyCount "34"]
[EventDate "2010.04.08"]
[EventType "swiss"]
[EventRounds "7"]
[EventCountry "GER"]
[SourceTitle "EXT 2022"]
[Source "ChessBase"]
[SourceDate "2021.10.06"]
[SourceVersion "1"]
[SourceVersionDate "2021.10.06"]
[SourceQuality "1"]

1. d4 g6 2. e4 Bg7 3. c3 d6 4. Nf3 Nf6 5. e5 dxe5 6. Nxe5 0-0 7. Be2 c5 8. Nf3 cxd4 9. Nxd4 e5 10. Nc2 Qc7 11. 0-0 Nc6 12. Be3 Bf5 13. Nba3 a6 14. Qc1 b5 15. Bh6 Nd5 16. Bxg7 Kxg7 17. Ne3 Nf4 1/2-1/2

[Event "GER Seniors Derby 09th"]
[Site "Wesel Undeloh"]
[Date "2010.04.10"]
[Round "6.13"]
[White "Soffner, Gerhard"]
[Black "Soldic, Ivan"]
[Result "1/2-1/2"]
[WhiteElo "1785"]
[BlackElo "1640"]
[PlyCount "39"]
[EventDate "2010.04.08"]
[EventType "swiss"]
[EventRounds "7"]
[EventCountry "GER"]
[SourceTitle "EXT 2022"]
[Source "ChessBase"]
[SourceDate "2021.10.06"]
[SourceVersion "1"]
[SourceVersionDate "2021.10.06"]
[SourceQuality "1"]

1. Nf3 d5 2. d4 c6 3. g3 Bf5 4. Bg2 e6 5. 0-0 Be7 6. Nbd2 Nf6 7. Nh4 Bg4 8. h3 Bh5 9. c3 Nfd7 10. Nhf3 0-0 11. e4 f6 12. exd5 exd5 13. Re1 Re8 14. g4 Bf7 15. Nf1 Bd6 16. Be3 Na6 17. Qe2 Qe7 18. Nh4 Bg6 19. Nxg6 hxg6 20. Qf3 1/2-1/2

[Event "GER Seniors Derby 09th"]
[Site "Wesel Undeloh"]
[Date "2010.04.09"]
[Round "3.20"]
[White "Soldic, Ivan"]
[Black "Baum, Horst"]
[Result "1-0"]
[WhiteElo "1640"]
[BlackElo "1387"]
[PlyCount "169"]
[EventDate "2010.04.08"]
[EventType "swiss"]
[EventRounds "7"]
[EventCountry "GER"]
[SourceTitle "EXT 2022"]
[Source "ChessBase"]
[SourceDate "2021.10.06"]
[SourceVersion "1"]
[SourceVersionDate "2021.10.06"]
[SourceQuality "1"]

1. d4 d5 2. e3 e6 3. c4 Nf6 4. Nc3 c5 5. dxc5 Bxc5 6. Nf3 0-0 7. Be2 dxc4 8. Qxd8 Rxd8 9. Bxc4 a6 10. 0-0 b5 11. Be2 Bb7 12. Rd1 Rxd1+ 13. Nxd1 Nbd7 14. b3 Rc8 15. Bb2 Be7 16. Rc1 Rxc1 17. Bxc1 Nd5 18. Bb2 Bf6 19. Nd4 Bxd4 20. Bxd4 f5 21. Bf3 e5 22. Bxd5+ Bxd5 23. Bc3 e4 24. Bd4 g6 25. Nc3 Bb7 26. Kf1 Kf7 27. Ke1 Ke6 28. Kd2 Nb8 29. Ne2 Nc6 30. Kc3 Bc8 31. b4 Ne7 32. Nf4+ Kd7 33. Bc5 Nc6 34. Bd4 Kd6 35. h4 Be6 36. a3 Bf7 37. g3 Kd7 38. Nh3 h5 39. Ng5 Bg8 40. f3 exf3 41. Nxf3 Bd5 42. Ng5 Bg8 43. e4 fxe4 44. Nxe4 Kc7 45. Nc5 a5 46. Nd3 a4 47. Nf4 Bf7 48. Bf6 Kd7 49. Kd3 Kd6 50. Ke4 Kd7 51. Ne2 Bc4 52. Nc3 Ke6 53. Bg7 Ne7 54. Nd1 Nf5 55. Be5 Bd5+ 56. Kf4 Ne7 57. Bc3 Kd7 58. Ne3 Bf7 59. Ke5 Be8 60. Kf6 Ng8+ 61. Kg5 Ne7 62. Bf6 Nc8 63. Nd5 Nd6 64. Bb2 Ne4+ 65. Kf4 Nd6 66. Bc1 Nc4 67. Kg5 Ne5 68. Nf6+ Ke7 69. Nxe8 Kxe8 70. Kf6 Nd7+ 71. Kxg6 Ne5+ 72. Kxh5 Kf7 73. Kg5 Nf3+ 74. Kf5 Nd4+ 75. Ke5 Ne6 76. Kd5 Kf6 77. g4 Nc7+ 78. Kc5 Ne6+ 79. Kxb5 Nd4+ 80. Kxa4 Nf3 81. b5 Nd4 82. g5+ Kf5 83. b6 Ne6 84. Bb2 Kg6 85. Kb5 1-0